| 000 -LEADER |
| fixed length control field |
01593nam a2200253Ia 4500 |
| 001 - CONTROL NUMBER |
| control field |
19467 |
| 003 - CONTROL NUMBER IDENTIFIER |
| control field |
GE_BSU |
| 008 - FIXED-LENGTH DATA ELEMENTS--GENERAL INFORMATION |
| fixed length control field |
181216s||||||||xx |||||||||||||| ||und|| |
| 040 ## - CATALOGING SOURCE |
| Transcribing agency |
GE_BSU |
| 080 ## - UNIVERSAL DECIMAL CLASSIFICATION NUMBER |
| Universal Decimal Classification number |
811.353.1 |
| 100 ## - MAIN ENTRY--PERSONAL NAME |
| Personal name |
ჯავახიშვილი, ივ. |
| 245 ## - TITLE STATEMENT |
| Title |
ქართული და კავკასიური ენების თავდაპირველი ბუნება და ნათესაობა:წ. 2 |
| 250 ## - EDITION STATEMENT |
| Edition statement |
სსრკ მეცნ. აკად. საქ. ფილიალის გამომცემლობა |
| 260 ## - PUBLICATION, DISTRIBUTION, ETC. |
| Place of publication, distribution, etc. |
ტფილისი. |
| 260 ## - PUBLICATION, DISTRIBUTION, ETC. |
| Name of publisher, distributor, etc. |
სსრკ მეცნ. აკად. საქ. ფილიალის გამომცემლობა |
| 260 ## - PUBLICATION, DISTRIBUTION, ETC. |
| Date of publication, distribution, etc. |
1937 |
| 300 ## - PHYSICAL DESCRIPTION |
| Extent |
XVI, 754გვ;24სმ. |
| 300 ## - PHYSICAL DESCRIPTION |
| Other physical details |
დამატ. თავფურ. რუს. და ფრანგ. ენ.. - დანართი: პირთა საძიებელი (გვ. 629-632), გეოგრაფიული სახელების საძიებელი (გვ. 632-639), ტომობრივი სახელების საძიებელი (გვ. 641-643), ტერმინების საძიებელი (გვ. 643-754) |
| 300 ## - PHYSICAL DESCRIPTION |
| Dimensions |
ბიბლიოგრაფია: ლიტერატურა შენიშვნებში. |
| 653 ## - INDEX TERM--UNCONTROLLED |
| Uncontrolled term |
ქართული ენა |
| 653 ## - INDEX TERM--UNCONTROLLED |
| Uncontrolled term |
ქართული ენა; კავკასიური ენები; |
| 942 ## - ADDED ENTRY ELEMENTS (KOHA) |
| Koha item type |
წიგნი |